000 00485nam a2200169 i 4500
001 56174
003 ES-MaACL
005 20230906163312.0
007 t|
008 031003s1967 an ||||1| cat d
100 1 _aDíaz-Plaja, Guillermo,
_d1909-1984
_9162428
245 1 3 _aLa defenestració de Xénius /
_cGuillem Díaz-Plaja.
260 _a[Andorra la Vella :
_bEd. Andorra,
_c1967]
300 _a172 p. ;
_c19 cm.
852 _aES-MaACL
_jC-51434
_bR.65045
999 _c56174
_d56174